[Event "Sofia MGU op rapid 4th"]
[Site "Sofia"]
[Date "2017.09.22"]
[Round "6"]
[White "Angelov, Georgi"]
[Black "Galyov, Yanislav"]
[Result "0-1"]
[WhiteElo "1598"]
[BlackElo "1831"]
[PlyCount "88"]
[EventDate "2017.09.22"]
[EventType "tourn (rapid)"]
[EventRounds "6"]
[EventCountry "BUL"]
[SourceTitle "EXT 2018"]
[Source "ChessBase"]
[SourceDate "2017.10.13"]
[SourceVersion "1"]
[SourceVersionDate "2017.10.13"]
[SourceQuality "1"]

1. d4 Nf6 2. c4 c5 3. d5 b5 4. b3 g6 5. Bb2 Bg7 6. Nf3 bxc4 7. bxc4 0-0 8. e3 Qb6 9. Qb3 Qa5+ 10. Nbd2 d6 11. Bd3 Na6 12. a3 Bd7 13. Bc3 Qc7 14. Rb1 Rab8 15. Qc2 Rxb1+ 16. Nxb1 e5 17. 0-0 Nh5 18. Nbd2 f5 19. e4 Nf4 20. Rb1 Nb8 21. Bf1 Bc8 22. g3 Nh5 23. Ng5 h6 24. Ngf3 f4 25. Qb2 Nd7 26. Nh4 Kh7 27. g4 Nhf6 28. f3 Nb6 29. Ba5 Qe7 30. Bxb6 axb6 31. Ng2 Nd7 32. Qb5 Bb7 33. Nb3 Ra8 34. a4 Ra7 35. a5 bxa5 36. Nxa5 Ba8 37. Nc6 Bxc6 38. Qxc6 Nf6 39. Rb6 Nxe4 40. fxe4 f3 41. Ne3 Qg5 42. Rb3 Qf4 43. Qxd6 Ra2 44. Qxc5 Qxh2# 0-1

[Event "Sofia MGU rap 3rd"]
[Site "Sofia"]
[Date "2017.03.26"]
[Round "3"]
[White "Angelov, Georgi"]
[Black "Vassilev, Vladimir"]
[Result "1-0"]
[WhiteElo "1583"]
[BlackElo "1389"]
[PlyCount "43"]
[EventDate "2017.03.26"]
[EventType "swiss (rapid)"]
[EventRounds "6"]
[EventCountry "BUL"]
[SourceTitle "CBM 177 Extra"]
[Source "ChessBase"]
[SourceDate "2017.04.27"]
[SourceVersion "1"]
[SourceVersionDate "2017.04.27"]
[SourceQuality "1"]

1. d4 f5 2. c4 d5 3. Nc3 e6 4. Nf3 Nf6 5. Bg5 Be7 6. e3 h6 7. Bh4 g5 8. Bg3 Bb4 9. Be5 Nc6 10. a3 Ba5 11. b4 Bxb4 12. axb4 Nxb4 13. Bxf6 Qxf6 14. Qa4+ Nc6 15. cxd5 exd5 16. Nxd5 Qd8 17. Nb4 Bd7 18. Bb5 Qf6 19. Ne5 Qd6 20. Nbxc6 bxc6 21. Bxc6 0-0-0 22. Qa6+ 1-0

[Event "Sofia MGU rap 3rd"]
[Site "Sofia"]
[Date "2017.03.26"]
[Round "2"]
[White "Karaivanova, Petya F"]
[Black "Angelov, Georgi"]
[Result "1-0"]
[WhiteElo "1450"]
[BlackElo "1583"]
[PlyCount "77"]
[EventDate "2017.03.26"]
[EventType "swiss (rapid)"]
[EventRounds "6"]
[EventCountry "BUL"]
[SourceTitle "CBM 177 Extra"]
[Source "ChessBase"]
[SourceDate "2017.04.27"]
[SourceVersion "1"]
[SourceVersionDate "2017.04.27"]
[SourceQuality "1"]

1. e4 c5 2. Nf3 d6 3. d4 cxd4 4. Nxd4 Nf6 5. Nc3 g6 6. f3 Bg7 7. Be3 a6 8. Qd2 Bd7 9. 0-0-0 Nc6 10. Bc4 b5 11. Bb3 Rc8 12. Bh6 Bxh6 13. Qxh6 Qc7 14. Qg7 Rf8 15. Ndxb5 axb5 16. Nxb5 Qd8 17. Nc3 Na5 18. Kb1 Nxb3 19. cxb3 Rg8 20. Qh6 Qa5 21. Rc1 Be6 22. g4 Rc5 23. Qe3 Kd7 24. Rhd1 Rgc8 25. Qd4 Ke8 26. b4 Bxa2+ 27. Nxa2 Rxc1+ 28. Rxc1 Rxc1+ 29. Nxc1 Qa6 30. Qc3 Kd7 31. Qa3 Qb7 32. Qa4+ Ke6 33. Nd3 Nd7 34. g5 Nb6 35. Qb5 f5 36. Nf4+ Kf7 37. Nd5 fxe4 38. fxe4 Ke6 39. Qxb6 1-0

[Event "Sofia MGU op 176th"]
[Site "Sofia"]
[Date "2016.12.10"]
[Round "1"]
[White "Metev, Martin"]
[Black "Angelov, Georgi"]
[Result "1-0"]
[WhiteElo "2058"]
[BlackElo "1639"]
[PlyCount "69"]
[EventDate "2016.12.10"]
[EventType "swiss"]
[EventRounds "9"]
[EventCountry "BUL"]
[SourceTitle "CBM 176 Extra"]
[Source "ChessBase"]
[SourceDate "2017.03.02"]
[SourceVersion "1"]
[SourceVersionDate "2017.03.02"]
[SourceQuality "1"]

1. e4 c5 2. Nf3 d6 3. d4 cxd4 4. Nxd4 Nf6 5. Nc3 g6 6. f3 Bg7 7. Be3 Nc6 8. Bc4 Bd7 9. Qd2 Rc8 10. Bb3 a6 11. 0-0-0 Na5 12. Bh6 Nxb3+ 13. Nxb3 Bxh6 14. Qxh6 Qc7 15. Qd2 b5 16. g4 Be6 17. Kb1 b4 18. Nd5 Bxd5 19. exd5 a5 20. g5 Nd7 21. Nd4 Nb6 22. Rhe1 0-0 23. h4 Nxd5 24. Nb5 Nc3+ 25. bxc3 Qb6 26. c4 Rxc4 27. Nd4 e5 28. Ne2 Rfc8 29. Qxd6 Qf2 30. Qf6 Qxh4 31. Rd8+ Rxd8 32. Qxd8+ Kg7 33. Qf6+ Kg8 34. Rd1 Rc8 35. Qxe5 1-0

[Event "Sofia MGU op 172nd"]
[Site "Sofia"]
[Date "2016.09.18"]
[Round "5"]
[White "Angelov, Georgi"]
[Black "Tenev, Bogdan"]
[Result "0-1"]
[WhiteElo "1740"]
[BlackElo "1429"]
[PlyCount "108"]
[EventDate "2016.09.17"]
[EventType "swiss"]
[EventRounds "6"]
[EventCountry "BUL"]
[SourceTitle "CBM 174 Extra"]
[Source "ChessBase"]
[SourceDate "2016.10.10"]
[SourceVersion "1"]
[SourceVersionDate "2016.10.10"]
[SourceQuality "1"]

1. d4 d5 2. c4 e6 3. Nc3 Bb4 4. e3 Bxc3+ 5. bxc3 Nf6 6. Nf3 0-0 7. Bb2 Nbd7 8. cxd5 exd5 9. c4 b6 10. Bd3 g6 11. 0-0 Bb7 12. Rc1 dxc4 13. Bxc4 Bd5 14. Bxd5 Nxd5 15. e4 N5f6 16. Qc2 Rc8 17. Rcd1 Qe7 18. Rfe1 Rfe8 19. e5 Nh5 20. d5 Qc5 21. Qa4 Nb8 22. Qxa7 Qa5 23. Qxa5 bxa5 24. d6 cxd6 25. exd6 Rxe1+ 26. Rxe1 h6 27. g3 Rd8 28. Bc3 Nc6 29. Nd2 Ng7 30. Nc4 f5 31. Bf6 Re8 32. Rb1 Re4 33. Rb7 Ne8 34. Nd2 Re1+ 35. Kg2 Nxf6 36. d7 Rd1 37. Rb8+ Kf7 38. d8Q Nxd8 39. Rxd8 Ne4 40. Rd5 Rxd2 41. Rxa5 Rxf2+ 42. Kg1 Rc2 43. Ra6 Nc3 44. a4 Ra2 45. a5 Ne2+ 46. Kf2 Nd4+ 47. Ke3 Nb3 48. Ra7+ Kf6 49. Ra6+ Kg5 50. h4+ Kh5 51. Rb6 Nxa5 52. Rb5 Nc4+ 53. Kf3 Ra3+ 54. Kf4 g5+ 0-1

[Event "Sofia MGU op 167th"]
[Site "Sofia"]
[Date "2016.04.09"]
[Round "3"]
[White "Angelov, Georgi"]
[Black "Stamenov, Valeri"]
[Result "0-1"]
[WhiteElo "1742"]
[BlackElo "1916"]
[PlyCount "34"]
[EventDate "2016.04.09"]
[EventType "swiss"]
[EventRounds "6"]
[EventCountry "BUL"]
[SourceTitle "CBM 171 Extra"]
[Source "ChessBase"]
[SourceDate "2016.04.26"]
[SourceVersion "1"]
[SourceVersionDate "2016.04.26"]
[SourceQuality "1"]

1. d4 d5 2. c4 c6 3. Nc3 e6 4. Nf3 dxc4 5. e4 b5 6. a4 Bb4 7. Bd2 Bb7 8. e5 a6 9. Be2 Ne7 10. Qc2 Bxc3 11. Bxc3 Nd5 12. 0-0 Nd7 13. b3 b4 14. bxc4 Nxc3 15. Bd3 c5 16. Bxh7 Bxf3 17. gxf3 Qh4 0-1

[Event "Sofia MGU op 160th"]
[Site "Sofia"]
[Date "2016.01.10"]
[Round "6"]
[White "Stoyanov, Ivan"]
[Black "Angelov, Georgi"]
[Result "0-1"]
[WhiteElo "1450"]
[BlackElo "2128"]
[PlyCount "79"]
[EventDate "2016.01.09"]
[EventType "swiss"]
[EventRounds "6"]
[EventCountry "BUL"]
[SourceTitle "CBM 170 Extra"]
[Source "ChessBase"]
[SourceDate "2016.02.25"]
[SourceVersion "1"]
[SourceVersionDate "2016.02.25"]
[SourceQuality "1"]

1. d4 d5 2. e3 Nf6 3. c4 c6 4. Nc3 g6 5. h3 Bg7 6. Bd3 0-0 7. Nf3 Nbd7 8. 0-0 a6 9. c5 Re8 10. b4 e5 11. dxe5 Nxe5 12. Nxe5 Rxe5 13. Bb2 Re8 14. Na4 Qc7 15. Nb6 Rb8 16. Qb3 Be6 17. Bd4 Rbd8 18. Qb2 Nh5 19. a4 Bxd4 20. exd4 Ng7 21. b5 axb5 22. axb5 Bf5 23. Bxf5 Nxf5 24. bxc6 bxc6 25. Qd2 Re4 26. Ra8 Rxa8 27. Nxa8 Qd8 28. Ra1 Rxd4 29. Qb2 Qf6 30. Qb8+ Kg7 31. Nc7 Re4 32. Ra8 Re1+ 33. Kh2 Qe5+ 34. g3 Qe4 35. Ne8+ Kh6 36. Qf4+ Qxf4 37. gxf4 d4 38. Nd6 d3 39. Nxf5+ gxf5 40. Rd8 0-1

[Event "Sofia MGU op 160th"]
[Site "Sofia"]
[Date "2016.01.09"]
[Round "2"]
[White "Georgiev, Nikolay"]
[Black "Angelov, Georgi"]
[Result "1/2-1/2"]
[WhiteElo "1542"]
[BlackElo "2128"]
[PlyCount "97"]
[EventDate "2016.01.09"]
[EventType "swiss"]
[EventRounds "6"]
[EventCountry "BUL"]
[SourceTitle "CBM 170 Extra"]
[Source "ChessBase"]
[SourceDate "2016.02.25"]
[SourceVersion "1"]
[SourceVersionDate "2016.02.25"]
[SourceQuality "1"]

1. e4 c5 2. Nf3 d6 3. Bb5+ Bd7 4. Bxd7+ Nxd7 5. c4 Ngf6 6. Nc3 g6 7. 0-0 Bg7 8. d4 cxd4 9. Nxd4 0-0 10. b3 Nc5 11. f3 Qa5 12. Bd2 Qb6 13. Be3 a6 14. Qd2 Rac8 15. Rac1 Nfd7 16. Nd5 Qd8 17. Bg5 Re8 18. Rfd1 Ne6 19. Nxe6 fxe6 20. Bxe7 Rxe7 21. Nxe7+ Qxe7 22. Qxd6 Qxd6 23. Rxd6 Nf8 24. Rcd1 b5 25. Rxa6 bxc4 26. bxc4 Rxc4 27. Kf2 Rc2+ 28. Kg3 h5 29. Rd3 Kh7 30. f4 Re2 31. Kf3 Rc2 32. e5 g5 33. g3 gxf4 34. gxf4 Rxh2 35. Kg3 Rc2 36. a4 Ra2 37. Rb3 Ng6 38. Rxe6 h4+ 39. Kf3 Rxa4 40. f5 Rf4+ 41. Kg2 Rxf5 42. Re8 Bxe5 43. Rb5 Rg5+ 44. Kh1 h3 45. Ra8 h2 46. Rxe5 Nxe5 47. Kxh2 Nf3+ 48. Kh3 Nd4 49. Ra7+ 1/2-1/2

[Event "Blagoevgrad op"]
[Site "Blagoevgrad"]
[Date "2013.10.02"]
[Round "7"]
[White "Angelov, Georgi"]
[Black "Tonkov, Bojan"]
[Result "0-1"]
[WhiteElo "2141"]
[BlackElo "2323"]
[PlyCount "46"]
[EventDate "2013.09.28"]
[EventType "swiss"]
[EventRounds "9"]
[EventCountry "BUL"]
[SourceTitle "CBM 156 Extra"]
[Source "ChessBase"]
[SourceDate "2013.10.22"]
[SourceVersion "1"]
[SourceVersionDate "2013.10.22"]
[SourceQuality "1"]

1. e4 e5 2. Nf3 Nc6 3. Bb5 a6 4. Bxc6 dxc6 5. 0-0 Bg4 6. h3 h5 7. d4 Bxf3 8. Qxf3 Qxd4 9. Rd1 Qc4 10. b3 Qe6 11. Ba3 Nf6 12. Bxf8 Kxf8 13. Nc3 g6 14. Rd2 Kg7 15. Rad1 Qe7 16. g4 hxg4 17. hxg4 Rh4 18. g5 Nh5 19. Ne2 Qxg5+ 20. Kf1 Rh8 21. Rd7 Nf6 22. Ng3 Rf4 23. Qg2 Ng4 0-1

[Event "Blagoevgrad op"]
[Site "Blagoevgrad"]
[Date "2013.10.01"]
[Round "5"]
[White "Angelov, Georgi"]
[Black "Iliev, Alexandar"]
[Result "1-0"]
[WhiteElo "2141"]
[BlackElo "1784"]
[PlyCount "85"]
[EventDate "2013.09.28"]
[EventType "swiss"]
[EventRounds "9"]
[EventCountry "BUL"]
[SourceTitle "CBM 156 Extra"]
[Source "ChessBase"]
[SourceDate "2013.10.22"]
[SourceVersion "1"]
[SourceVersionDate "2013.10.22"]
[SourceQuality "1"]

1. e4 e6 2. Qe2 d6 3. g3 Nd7 4. Bg2 Ne7 5. f4 c6 6. Nf3 Ng6 7. 0-0 a6 8. d3 h5 9. h3 Qb6+ 10. Kh1 Ne7 11. Nbd2 Qc7 12. f5 Nf6 13. fxe6 Bxe6 14. Ng5 Ng6 15. Ndf3 Bg4 16. hxg4 hxg4+ 17. Nh2 0-0-0 18. Kg1 d5 19. Bf4 Nxf4 20. Rxf4 Bc5+ 21. Kh1 Rxh2+ 22. Kxh2 Rh8+ 23. Bh3 gxh3 24. e5 Re8 25. d4 Bb6 26. Qf1 Ng8 27. Rxf7 Qd8 28. Qf5+ Kb8 29. Ne6 Qc8 30. Nxg7 Nh6 31. Qxc8+ Rxc8 32. Rf4 Rg8 33. Nf5 Nxf5 34. Rxf5 Bxd4 35. c3 Bc5 36. b4 Be3 37. Raf1 Kc7 38. Rf7+ Kb6 39. e6 Re8 40. e7 Bd2 41. Rh7 Bxc3 42. Rf8 Bxb4 43. Rxe8 1-0

[Event "Blagoevgrad op"]
[Site "Blagoevgrad"]
[Date "2013.09.30"]
[Round "4"]
[White "Metodiev, Veselin"]
[Black "Angelov, Georgi"]
[Result "1/2-1/2"]
[WhiteElo "1851"]
[BlackElo "2141"]
[PlyCount "84"]
[EventDate "2013.09.28"]
[EventType "swiss"]
[EventRounds "9"]
[EventCountry "BUL"]
[SourceTitle "CBM 156 Extra"]
[Source "ChessBase"]
[SourceDate "2013.10.22"]
[SourceVersion "1"]
[SourceVersionDate "2013.10.22"]
[SourceQuality "1"]

1. e4 c5 2. Nf3 d6 3. d4 Nf6 4. Nc3 cxd4 5. Nxd4 a6 6. h3 g6 7. Be3 Bg7 8. Qd2 0-0 9. 0-0-0 b5 10. f3 Bb7 11. g4 b4 12. Nce2 a5 13. Ng3 Nc6 14. Nxc6 Bxc6 15. Bh6 Bxh6 16. Qxh6 a4 17. g5 Nd7 18. h4 Re8 19. h5 Nf8 20. Bc4 e6 21. Nf1 Ra5 22. Ne3 Qxg5 23. Qxg5 Rxg5 24. Rxd6 Rc8 25. Ba6 Rc7 26. hxg6 hxg6 27. Ng4 Kg7 28. Be2 Rxg4 29. Rxc6 Rxc6 30. fxg4 a3 31. bxa3 bxa3 32. Rh3 Kf6 33. Rf3+ Ke7 34. Rxa3 Rc7 35. Ra8 Nd7 36. Bb5 Ne5 37. Be2 Kd6 38. Kd2 Nc6 39. Bd3 Kc5 40. Ra3 Kd6 41. Ra6 Ke5 42. Ra3 Kd6 1/2-1/2

[Event "Sunny Beach op 10th"]
[Site "Sunny Beach"]
[Date "2011.08.28"]
[Round "2"]
[White "Enchev, Ivajlo"]
[Black "Angelov, Georgi"]
[Result "1-0"]
[WhiteElo "2435"]
[BlackElo "2218"]
[PlyCount "89"]
[EventDate "2011.08.27"]
[EventType "swiss"]
[EventRounds "9"]
[EventCountry "BUL"]
[SourceTitle "CBM 144 Extra"]
[Source "ChessBase"]
[SourceDate "2011.10.28"]
[SourceVersion "1"]
[SourceVersionDate "2011.10.28"]
[SourceQuality "1"]

1. d4 d5 2. c4 e6 3. Nf3 Nd7 4. Nc3 Bb4 5. cxd5 exd5 6. Qb3 c5 7. dxc5 Qa5 8. Bd2 Nxc5 9. Qxd5 Nf6 10. Qc4 Be6 11. Qb5+ Ke7 12. Qxa5 Bxa5 13. Nd5+ Nxd5 14. Bxa5 b6 15. Bd2 Ne4 16. Nd4 Rac8 17. e3 Rhd8 18. Bd3 Nxd2 19. Kxd2 Nb4 20. Rhc1 Bxa2 21. Rc3 a5 22. b3 a4 23. bxa4 Bd5 24. f3 Nxd3 25. Kxd3 Rxc3+ 26. Kxc3 Rc8+ 27. Kd3 Bc4+ 28. Kd2 Ra8 29. Kc3 Rc8 30. Kb4 Ba6 31. Rd1 Rc4+ 32. Kb3 Rc5 33. e4 g6 34. Nc2 f5 35. exf5 gxf5 36. Rd4 Re5 37. Rh4 Re2 38. Rxh7+ Kd6 39. Rg7 Kc5 40. h4 Bd3 41. Rc7+ Kd6 42. Rc3 Ba6 43. g4 f4 44. Nd4 Ke5 45. Nxe2 1-0

[Event "Sunny Beach op 10th"]
[Site "Sunny Beach"]
[Date "2011.08.27"]
[Round "1"]
[White "Angelov, Georgi"]
[Black "Chervenkov, Dinko"]
[Result "1-0"]
[WhiteElo "2218"]
[BlackElo "1778"]
[PlyCount "30"]
[EventDate "2011.08.27"]
[EventType "swiss"]
[EventRounds "9"]
[EventCountry "BUL"]
[SourceTitle "CBM 144 Extra"]
[Source "ChessBase"]
[SourceDate "2011.10.28"]
[SourceVersion "1"]
[SourceVersionDate "2011.10.28"]
[SourceQuality "1"]

1. e4 g6 2. d4 Bg7 3. Nc3 d6 4. g3 Nf6 5. Bg2 0-0 6. Nge2 Nc6 7. 0-0 e5 8. Re1 Nd7 9. Be3 Ne7 10. Qd2 f5 11. Bg5 Nf6 12. Rad1 exd4 13. Nxd4 Ng4 14. exf5 Nh6 15. fxg6 Nxg6 1-0

[Event "Ognjanovo Strugov Memorial 2nd"]
[Site "Ognjanovo"]
[Date "2011.03.26"]
[Round "4"]
[White "Angelov, Georgi"]
[Black "Petkov, Vladimir"]
[Result "0-1"]
[WhiteElo "2218"]
[BlackElo "2493"]
[PlyCount "54"]
[EventDate "2011.03.25"]
[EventType "swiss"]
[EventRounds "7"]
[EventCountry "BUL"]
[SourceTitle "CBM 141 Extra"]
[Source "ChessBase"]
[SourceDate "2011.05.03"]
[SourceVersion "1"]
[SourceVersionDate "2011.05.03"]
[SourceQuality "1"]

1. e4 e5 2. Nf3 Nc6 3. Bb5 Nf6 4. d4 Nxe4 5. 0-0 Nd6 6. Bxc6 dxc6 7. dxe5 Nf5 8. Qxd8+ Kxd8 9. Nc3 Ke8 10. Ne4 Be6 11. b3 a5 12. a4 Bd5 13. Re1 Bb4 14. Bd2 Bxd2 15. Nexd2 c5 16. c4 Bc6 17. Ne4 b6 18. Rad1 h5 19. Nfg5 Nd4 20. Re3 Rd8 21. Kf1 Ke7 22. f3 Nf5 23. Red3 Ne3+ 24. Rxe3 Rxd1+ 25. Ke2 Rdd8 26. Nd6 cxd6 27. exd6+ Kf6 0-1

[Event "Sofia MGU op 26th"]
[Site "Sofia"]
[Date "2011.02.26"]
[Round "2"]
[White "Tsenov, Tsvetoslav"]
[Black "Angelov, Georgi"]
[Result "1-0"]
[WhiteElo "2155"]
[BlackElo "2218"]
[PlyCount "63"]
[EventDate "2011.02.26"]
[EventType "swiss"]
[EventRounds "6"]
[EventCountry "BUL"]
[SourceTitle "CBM 141 Extra"]
[Source "ChessBase"]
[SourceDate "2011.05.03"]
[SourceVersion "1"]
[SourceVersionDate "2011.05.03"]
[SourceQuality "1"]

1. e4 c5 2. c3 d6 3. d4 Nf6 4. Bd3 Nc6 5. Nf3 e5 6. 0-0 Bg4 7. d5 Ne7 8. h3 Bxf3 9. Qxf3 Ng6 10. g3 a6 11. a4 b6 12. h4 h5 13. Bg5 Be7 14. Nd2 Ng4 15. Bxe7 Qxe7 16. Nc4 Qc7 17. Qf5 Ne7 18. Qg5 g6 19. Be2 f6 20. Qd2 0-0-0 21. Ne3 Kb7 22. Nxg4 hxg4 23. Qd3 a5 24. Bxg4 Rdf8 25. Be2 f5 26. b4 cxb4 27. cxb4 Kb8 28. bxa5 fxe4 29. Qxe4 Qc5 30. Rab1 Qxd5 31. Rxb6+ Kc7 32. Rc1+ 1-0

[Event "Blagoevgrad Kirov Memorial 2nd"]
[Site "Blagoevgrad"]
[Date "2010.01.16"]
[Round "8"]
[White "Menkinoski, Riste"]
[Black "Angelov, Georgi"]
[Result "1-0"]
[WhiteElo "2355"]
[BlackElo "2257"]
[PlyCount "121"]
[EventDate "2010.01.11"]
[EventType "swiss"]
[EventRounds "9"]
[EventCountry "BUL"]
[SourceTitle "CBM 134 Extra"]
[Source "ChessBase"]
[SourceDate "2010.03.03"]
[SourceVersion "1"]
[SourceVersionDate "2010.03.03"]
[SourceQuality "1"]

1. e4 c5 2. c3 e6 3. Nf3 d5 4. exd5 exd5 5. d4 Nf6 6. Bb5+ Bd7 7. Qe2+ Be7 8. dxc5 0-0 9. 0-0 Bxc5 10. Bxd7 Nbxd7 11. Nbd2 Re8 12. Qd3 a5 13. Nb3 a4 14. Nxc5 Nxc5 15. Qd4 Ne6 16. Qb4 a3 17. bxa3 Ne4 18. c4 N6c5 19. cxd5 Qxd5 20. Be3 Nd3 21. Qb3 Qd6 22. a4 Qa6 23. a5 Ndc5 24. Bxc5 Nxc5 25. Qd5 Qxa5 26. Rfe1 Red8 27. Qh5 Nd3 28. Qxa5 Rxa5 29. Rad1 f6 30. Re7 Rdd5 31. Rxb7 Nf4 32. Re1 h6 33. g3 Ng6 34. Re8+ Kh7 35. Rc8 Rdc5 36. Rxc5 Rxc5 37. Nd4 Nf8 38. Nb5 Ne6 39. a4 Rc1+ 40. Kg2 Ra1 41. Ra7 Nc5 42. Nc3 Kg6 43. Rc7 Nb3 44. Nd5 Rxa4 45. Nf4+ Rxf4 46. gxf4 Nd4 47. Rd7 Nf5 48. Kf3 h5 49. Ke4 Nh6 50. f3 Nf5 51. Rd1 Nh6 52. f5+ Kh7 53. Rd7 Kg8 54. Rd8+ Kh7 55. Rf8 h4 56. Kf4 Ng8 57. Rxg8 Kxg8 58. Kg4 Kh7 59. Kxh4 Kh6 60. Kg4 Kh7 61. Kh5 1-0

[Event "Blagoevgrad Kirov Memorial 2nd"]
[Site "Blagoevgrad"]
[Date "2010.01.13"]
[Round "4"]
[White "Angelov, Georgi"]
[Black "Drenchev, Petar"]
[Result "0-1"]
[WhiteElo "2257"]
[BlackElo "2477"]
[PlyCount "38"]
[EventDate "2010.01.11"]
[EventType "swiss"]
[EventRounds "9"]
[EventCountry "BUL"]
[SourceTitle "CBM 134 Extra"]
[Source "ChessBase"]
[SourceDate "2010.03.03"]
[SourceVersion "1"]
[SourceVersionDate "2010.03.03"]
[SourceQuality "1"]

1. e4 c5 2. Nc3 e6 3. d4 cxd4 4. Qxd4 Nc6 5. Qe3 Nf6 6. Bd2 Be7 7. 0-0-0 0-0 8. f4 d5 9. exd5 exd5 10. Qe1 d4 11. Ne4 Qd5 12. Nxf6+ Bxf6 13. c4 dxc3 14. Bxc3 Bxc3 15. Qxc3 Qxa2 16. Bc4 Qa1+ 17. Kc2 Bf5+ 18. Bd3 Qa4+ 19. Kc1 Nb4 0-1

[Event "Ablanica op"]
[Site "Ablanica"]
[Date "2008.04.05"]
[Round "4"]
[White "Angelov, Georgi"]
[Black "Lalev, Ivan"]
[Result "1/2-1/2"]
[WhiteElo "2257"]
[BlackElo "2026"]
[PlyCount "81"]
[EventDate "2008.04.05"]
[EventType "swiss"]
[EventRounds "7"]
[EventCountry "BUL"]
[SourceTitle "EXT 2009"]
[Source "ChessBase"]
[SourceDate "2008.11.26"]
[SourceVersion "1"]
[SourceVersionDate "2008.11.26"]
[SourceQuality "1"]

1. e4 c5 2. Nc3 Nc6 3. Nf3 g6 4. d4 cxd4 5. Nxd4 d6 6. g3 Nf6 7. Bg2 Nxd4 8. Qxd4 Bg7 9. 0-0 0-0 10. a4 Be6 11. Qd1 Rc8 12. Be3 Qa5 13. Re1 Ng4 14. Bd4 Bxd4 15. Qxd4 Ne5 16. f4 Ng4 17. h3 Rc4 18. Qd2 Qb6+ 19. Kh1 Qxb2 20. hxg4 Qxc3 21. Qxc3 Rxc3 22. f5 Bd7 23. e5 Bc6 24. exd6 exd6 25. Bxc6 bxc6 26. Re7 a5 27. Kg2 Rxc2+ 28. Kf3 Kg7 29. Rb1 Kf6 30. Rbb7 gxf5 31. gxf5 h5 32. Ke4 Rc4+ 33. Kd3 Rxa4 34. Red7 d5 35. Rd6+ Kxf5 36. Rxc6 f6 37. Rh7 Kg6 38. Rd7 Ra3+ 39. Ke2 Rxg3 40. Rxd5 a4 41. Ra6 1/2-1/2